000 00962nam a2200229 a 4500
001 41595
003 BD-RjUL
005 20211209053422.0
008 160602s1992 bg ||||| |||| 00| 0 ben d
020 _a9840600800
_c: Tk. 100.00
035 _a(BD-RjUL) 41713
040 _aBD-RjUL
_bben
_cBD-RjUL
041 _aben
082 _223
_a297.64
_bANU 1992
245 0 0 _aঅনুপম আদর্শ :
_bসীরাতে রাসূলুল্লাহ (সা.) /
_cহাসান আবদুল কাইয়ূম সম্পাদিত
260 _aঢাকা :
_bইসলামিক ফাউণ্ডেশন বাংলাদেশ,
_c১৯৯২
300 _a[১৫], ৪৫৮ পৃ. ;
_c২১ সেমি.
650 _aইসলামের নেতা
_9127809
650 _aIslamic leaders
_9127810
700 _aকাইয়ূম, হাসান আবদুল, সম্পাদিত
_9127811
942 _2ddc
_cBK
999 _c41595
_d41595